Die Stimme der ewigen Verlierer?. - Wien ˜[u.a.]œ

Titel: Die Stimme der ewigen Verlierer?. - Wien ˜[u.a.]œ : Böhlau ˜[u.a.]. œ- 2013 [Rezension]
Verfasser:
In: Jahrbuch für Regionalgeschichte, Band 33 (2015), Seite 149-151
alle Artikel anzeigen
Veröffentlicht: 2015 [2016]
Format: Aufsatz
Sprache: Deutsch
Schlagworte:
Kein Bild verfügbar
X
alg: 39514793
001A    $01999:12-11-16 
001B    $01999:09-08-21 $t17:41:04.000 
001D    $01999:12-11-16 
001U    $0utf8 
001X    $00 
002@    $0Aox 
003@    $039514793X 
007A    $039514793X $aHEB 
007T    $0Herdc0110281m 
010@    $ager 
011@    $a2015 $n2015 [2016] 
013D    $#Newspapers Sections, columns, etc. Reviews $#Book reviewing $#Journaux Cahiers, chroniques, etc. Comptes rendus $#Livres Recension $#Rezension $#Buchbesprechung $#Buchrezension $#Buchkritik $74049712-4 $8Rezension [Ts1] $9085138568 
021A    $aDie @Stimme der ewigen Verlierer?. - Wien {[u.a.] $dBöhlau {[u.a.]. -  2013 [Rezension] 
028A    $aHäberlein $dMark 
031A    $d33 $h149-151 $j2015 
039B    $aIn $8--Abvc--. Jahrbuch für Regionalgeschichte. - Stuttgart : Steiner, 1965-. - ISSN 1860-8248 $x201500000330000851 $9046840451 
039T    $8--Aau--. Die @Stimme der ewigen Verlierer?. - Wien {[u.a.] : Böhlau {[u.a.], 2013. - 468 S.. - Ill., Kt.. - ISBN 3-205-78907-5 $9316711624 
045F    $a900.9437 $eDDC23BSB 
045F/01 $a900 
045F/03 $g437 
045T    $a8,1 

lok: 39514793 78

exp: 39514793 78 1 #EPN
201B/01 $018-11-16 $t13:53:33.000 
201U/01 $0utf8 
203@/01 $0791446662 
208@/01 $a12-11-16 $be 
209A/01 $a/ $f000 $x00 
220C/01 $aTitelaufnehmer: pg 
220C/01 $aHerkunft: HI Marburg 
244Z/01 $2Trx $#Kesk- ja Ida- Euroopa kontseptsioonid $#Vidurio Europos koncepcijos $#East-Central Europe $#Keletközépeurópa-eszmék $#Europa Środkowo-Wschodnia koncepcje $#Európa stredovýchodná koncepcie $#Evropa střední, východní část koncepce $#Mitteleuropa $#Osteuropakonzeptionen $#Europa Środkowa koncepcje $#Stredná Európa koncepcie $#Střední Europa koncepce $8--Trx--Ostmitteleuropakonzeptionen $x01 $9391364286 
244Z/01 $2Trx $#arvustused $#recenzijos $#Reviews $#recenziók $#recenzje $#recenzie $#recenze $8--Trx--Rezensionen $x02 $9391357441 
247C/01 $82080>Marburg/Lahn, Herder-Institut, Forschungsbibliothek, Bibliographieportal $9336309341
LEADER 00000caa a22000002c 4500
001 39514793X
003 DE-603
005 20210809174104.0
007 tu
008 161112s2015 xx |||| | u00||u|ger c
035 |a (DE-599)HEB39514793X 
040 |a DE-603  |b ger  |c DE-603  |d DE-603 
041 |a ger 
082 0 4 |8 1\u  |a 900.9437  |q DE-101  |2 23/BSB 
084 |a 8,1  |2 ssgn 
085 |8 1\u  |b 900 
085 |8 1\u  |z 2  |s 437 
100 1 |a Häberlein, Mark 
245 0 0 |a ˜Dieœ Stimme der ewigen Verlierer?. - Wien ˜[u.a.]œ  |b Böhlau ˜[u.a.]. œ- 2013 [Rezension] 
264 0 |c 2015 [2016] 
655 7 |a Rezension  |2 gnd-content  |0 (DE-588)4049712-4  |0 (DE-603)085138568 
773 0 8 |i In  |t Jahrbuch für Regionalgeschichte  |d Stuttgart : Steiner, 1965-  |x 1860-8248  |g Band 33 (2015), Seite 149-151  |w (DE-603)046840451  |w (DE-600)2629-3 
787 0 8 |i Rezension von  |t ˜Dieœ Stimme der ewigen Verlierer?  |d Wien ˜[u.a.] œ: Böhlau ˜[u.a.], œ2013  |h 468 S., Ill., Kt.  |z 3205789075  |z 3486719629  |z 9783205789079  |z 9783486719628  |w (DE-603)316711624 
924 0 |9 2080  |a (DE-603)791446662  |b DE-2080  |c HES  |d d  |g /